000 00893nam a2200205Ii 4500
003 JO-AjNU
008 230605s9999||||xx |||||||||||||| ||und||
040 _aJO-AjNU
_bara
_erda
_cJO-AjNU
041 _aara
050 1 4 _aPJ6051.A3536 2007
100 3 _aتاليف بن زكريا، ابي الحين احمد بن فارس؛علق علية أحمد حسن بسج,
_eauthor
_926488
245 0 0 _aالصحابي في فقة اللغة العربية ومسائلها وسنن العرب في كلامها
250 _aط2
264 3 1 _aبيروت: دار الكتب العلمية،2007
300 _a238ص
336 _atext
_btxt
_2rdacontent
337 _aunmediated
_bn
_2rdamedia
338 _avolume
_bnc
_2rdacarrier
650 4 _aالصحابي في فقة اللغة العربية ومسائلها وسنن العرب في كلامها-اللغة-اللغة العربية
_926489
999 _aA10042
_c13610
_d13610